Statistics for Queens Park Rangers: The Premier League Years

Click here to take the quiz!

General Stats

  • This quiz has been taken 22 times
  • The average score is 11 of 21

Answer Stats

Answer% Correct
Les Ferdinand
100%
Gerry Francis
82%
Harry Redknapp
82%
Adel Taarabt
71%
Ray Wilkins
71%
Joey Barton
65%
Neil Warnock
65%
Charlie Austin
59%
Mark Hughes
59%
Trevor Sinclair
59%
Clint Hill
53%
Loïc Rémy
47%
Ji-sung Park
41%
Paddy Kenny
41%
Andy Impey
35%
Chris Ramsey
35%
Danny Dichio
35%
Robert Green
35%
Clive Wilson
24%
Heiðar Helguson
18%
Alan McDonald
12%

Score Distribution

Percentile by Number Answered

Percent of People with Each Score

Your Score History

You have not taken this quiz